Základy výživy

Gespeichert in:
Bibliographische Detailangaben
Hauptverfasser: Pánek, Jan (Verfasst von), Dostálová, Jana (Verfasst von), Kohout, Pavel (Verfasst von), Pokorný, Jan (Verfasst von)
Format: Buch
Sprache:Tschechisch
Veröffentlicht: Praha : Svoboda servis, 2002
Tags: Tag hinzufügen
Keine Tags, Fügen Sie das erste Tag hinzu!

MARC

LEADER 00000nam a22000003a 4500
001 stu85403
005 20150617225633.0
008 040329s2002----xr------------------cze-d
020 |a 80-86320-23-5 
040 |a STU  |b slo 
041 0 |a cze 
044 |a xr 
080 |a 641 
100 1 |a Pánek, Jan  |4 aut 
245 1 |a Základy výživy 
260 |a Praha :  |b Svoboda servis,  |c 2002 
300 |a 207 s. Tab.,grafy 
700 1 |a Dostálová, Jana  |4 aut 
700 1 |a Kohout, Pavel  |4 aut 
700 1 |a Pokorný, Jan  |4 aut 
996 |b C97324  |c C*97324  |l CCXIX  |s P  |a 0  |w stu85403_0001